[Event "GER-ch U12 Girls"]
[Site "Willingen"]
[Date "2023.06.01"]
[Round "7"]
[White "Margaryan, Mari"]
[Black "Baus, Louise Marie"]
[Result "1-0"]
[WhiteElo "949"]
[BlackElo "759"]
[PlyCount "65"]
[EventDate "2023.05.27"]
[EventType "swiss"]
[EventRounds "9"]
[EventCountry "GER"]
[SourceTitle "CBM 214 Extra"]
[Source "ChessBase"]
[SourceDate "2023.07.31"]
[SourceVersion "1"]
[SourceVersionDate "2023.07.31"]
[SourceQuality "1"]

1. d4 d5 2. Bf4 Nc6 3. Nc3 e6 4. Nb5 Bb4+ 5. c3 Bd6 6. Nxd6+ cxd6 7. Nf3 e5 8. dxe5 dxe5 9. Nxe5 Nge7 10. Nxc6 Nxc6 11. e3 0-0 12. Bd3 Qh4 13. g3 Qf6 14. Qc2 g6 15. h4 Re8 16. g4 Bxg4 17. Be2 h5 18. Bg5 Qe5 19. Bxg4 hxg4 20. 0-0-0 Rad8 21. Bxd8 Nxd8 22. Rhg1 f5 23. Qd3 Qh2 24. Qxd5+ Ne6 25. Rgf1 Qxh4 26. Qxb7 a5 27. Qb5 Nc7 28. Qxa5 Ra8 29. Qxc7 g5 30. Rd5 f4 31. Rfd1 Kf8 32. Rd8+ Rxd8 33. Rxd8# 1-0

[Event "GER-ch U12 Girls"]
[Site "Willingen"]
[Date "2023.05.31"]
[Round "5"]
[White "Baus, Louise Marie"]
[Black "Rutschmann, Polly"]
[Result "0-1"]
[WhiteElo "759"]
[BlackElo "1023"]
[PlyCount "134"]
[EventDate "2023.05.27"]
[EventType "swiss"]
[EventRounds "9"]
[EventCountry "GER"]
[SourceTitle "CBM 214 Extra"]
[Source "ChessBase"]
[SourceDate "2023.07.31"]
[SourceVersion "1"]
[SourceVersionDate "2023.07.31"]
[SourceQuality "1"]

1. e4 e5 2. Nf3 Nc6 3. Bc4 Bc5 4. d3 h6 5. 0-0 d6 6. Nc3 Bg4 7. Bb5 Nge7 8. h3 Bh5 9. g4 Bg6 10. Be3 Qc8 11. Nd5 0-0 12. Nxe7+ Nxe7 13. d4 exd4 14. Bxd4 Bxe4 15. Bxc5 dxc5 16. Qe2 Qe6 17. Bc4 Bd5 18. Bd3 Qf6 19. Be4 Bxe4 20. Qxe4 Rfe8 21. Rae1 Kf8 22. Nd2 Qxb2 23. Ra1 Qc3 24. Rad1 Nc6 25. Qc4 Qxc4 26. Nxc4 Rad8 27. Nb2 Rxd1 28. Rxd1 Nb4 29. a3 Nxc2 30. Nc4 Re4 31. Nd2 Rd4 32. f3 Nxa3 33. Kg2 b5 34. Kf2 b4 35. Ke3 b3 36. Ra1 Rxd2 37. Rxa3 b2 38. Rb3 Rh2 39. Kd3 Rxh3 40. Rxb2 Rxf3+ 41. Kc4 Rf4+ 42. Kxc5 Rxg4 43. Rb8+ Ke7 44. Kc6 f5 45. Kxc7 f4 46. Rb4 h5 47. Kb7 h4 48. Kxa7 h3 49. Re4+ Kf6 50. Kb6 h2 51. Re1 Rg1 52. Re4 h1Q 53. Rxf4+ Kg5 54. Rf7 Rc1 55. Rxg7+ Kh6 56. Rb7 Qc6+ 57. Ka7 Qc8 58. Rb6+ Rc6 59. Rb7 Rc7 60. Rxc7 Qxc7+ 61. Ka6 Qb8 62. Ka5 Kg6 63. Ka6 Kf6 64. Ka5 Ke6 65. Ka6 Kd6 66. Ka5 Kc6 67. Ka6 Qb6# 0-1

[Event "GER-ch U12 Girls"]
[Site "Willingen"]
[Date "2023.05.30"]
[Round "4"]
[White "Neumann, Anna Lena"]
[Black "Baus, Louise Marie"]
[Result "0-1"]
[WhiteElo "740"]
[BlackElo "759"]
[PlyCount "62"]
[EventDate "2023.05.27"]
[EventType "swiss"]
[EventRounds "9"]
[EventCountry "GER"]
[SourceTitle "CBM 214 Extra"]
[Source "ChessBase"]
[SourceDate "2023.07.31"]
[SourceVersion "1"]
[SourceVersionDate "2023.07.31"]
[SourceQuality "1"]

1. e4 e5 2. Nf3 Nc6 3. Bc4 Bc5 4. Nc3 Nf6 5. d3 d6 6. Bg5 h6 7. Bh4 Bg4 8. Nd5 Nd4 9. Nxf6+ gxf6 10. Qc1 Nxf3+ 11. gxf3 Bxf3 12. Rg1 Ke7 13. Rg7 Bh5 14. Be6 Qf8 15. Rg3 fxe6 16. Qd2 d5 17. Qa5 Bd6 18. Rg2 b6 19. Qb5 Be8 20. Qb3 Rg8 21. Bg3 f5 22. exd5 f4 23. Bh4+ Kd7 24. dxe6+ Kc6 25. Qc4+ Bc5 26. Qa4+ b5 27. Qa6+ Bb6 28. Kf1 f3 29. Rg1 Qf4 30. Bg3 Qg4 31. Bxe5 Qxg1# 0-1

[Event "GER-ch U12 Girls"]
[Site "Willingen"]
[Date "2023.05.29"]
[Round "3"]
[White "Baus, Louise Marie"]
[Black "Eitel, Liz"]
[Result "0-1"]
[WhiteElo "759"]
[BlackElo "971"]
[PlyCount "104"]
[EventDate "2023.05.27"]
[EventType "swiss"]
[EventRounds "9"]
[EventCountry "GER"]
[SourceTitle "CBM 214 Extra"]
[Source "ChessBase"]
[SourceDate "2023.07.31"]
[SourceVersion "1"]
[SourceVersionDate "2023.07.31"]
[SourceQuality "1"]

1. d4 d5 2. Nc3 Nf6 3. Nf3 Nc6 4. Bg5 Bf5 5. Ne5 Nxe5 6. dxe5 Ne4 7. Nxd5 Nxg5 8. Ne3 Bd7 9. Nc4 e6 10. e3 Be7 11. Bd3 f6 12. f4 Nf7 13. Be4 Rb8 14. Na5 Bb4+ 15. c3 Bxa5 16. b4 Bb6 17. Qd3 f5 18. Bf3 a6 19. g3 Bb5 20. Qxd8+ Rxd8 21. e4 fxe4 22. Bxe4 Bc6 23. Bxc6+ bxc6 24. Rd1 Rxd1+ 25. Kxd1 0-0 26. Rf1 Rd8+ 27. Ke2 Rf8 28. a4 a5 29. b5 cxb5 30. axb5 g5 31. h4 h6 32. hxg5 hxg5 33. g4 Nxe5 34. f5 Nxg4 35. Kd3 exf5 36. c4 f4 37. Ke2 Nh2 38. Rh1 f3+ 39. Ke1 f2+ 40. Ke2 f1Q+ 41. Rxf1 Rxf1 42. Kd3 Re1 43. Kd2 Re8 44. Kc3 g4 45. c5 Bxc5 46. Kc4 Bb6 47. Kd5 g3 48. Kc6 g2 49. Kd7 Kf7 50. Kc6 g1Q 51. Kb7 Qg2+ 52. Ka6 Ra8# 0-1

[Event "GER-ch U12 Girls"]
[Site "Willingen"]
[Date "2023.05.28"]
[Round "2"]
[White "Albrecht, Sidney Jenna"]
[Black "Baus, Louise Marie"]
[Result "1-0"]
[WhiteElo "1079"]
[BlackElo "759"]
[PlyCount "83"]
[EventDate "2023.05.27"]
[EventType "swiss"]
[EventRounds "9"]
[EventCountry "GER"]
[SourceTitle "CBM 214 Extra"]
[Source "ChessBase"]
[SourceDate "2023.07.31"]
[SourceVersion "1"]
[SourceVersionDate "2023.07.31"]
[SourceQuality "1"]

1. e4 e5 2. Nf3 Nc6 3. Bc4 Nf6 4. d4 exd4 5. e5 Ne4 6. 0-0 d6 7. exd6 Nxd6 8. Bd5 Ne7 9. Re1 Bg4 10. h3 Bh5 11. Qxd4 Ndf5 12. Qc4 Nd6 13. Qb3 g6 14. g4 c6 15. Bc4 b5 16. Bd3 c5 17. c4 Qa5 18. cxb5 Ndc8 19. gxh5 Rb8 20. h6 Nd6 21. Bf4 Rb6 22. Nbd2 Rxb5 23. Bxb5+ Qxb5 24. Qxb5+ Nxb5 25. Rac1 Nd4 26. Nxd4 cxd4 27. Rc4 g5 28. Bg3 Bxh6 29. Rxd4 Bg7 30. Rd3 Bxb2 31. Rb1 Bf6 32. Rb8+ Nc8 33. Rxc8+ Bd8 34. Rcxd8+ Ke7 35. Rxh8 Ke6 36. Re8+ Kf6 37. Rf3+ Kg7 38. Be5+ Kg6 39. Rg8+ Kh5 40. Ne4 h6 41. Bg3 f5 42. Nf6# 1-0

[Event "GER-ch U12 Girls"]
[Site "Willingen"]
[Date "2023.05.28"]
[Round "1"]
[White "Baus, Louise Marie"]
[Black "Tu, Audrey"]
[Result "0-1"]
[WhiteElo "759"]
[BlackElo "1313"]
[PlyCount "60"]
[EventDate "2023.05.27"]
[EventType "swiss"]
[EventRounds "9"]
[EventCountry "GER"]
[SourceTitle "CBM 214 Extra"]
[Source "ChessBase"]
[SourceDate "2023.07.31"]
[SourceVersion "1"]
[SourceVersionDate "2023.07.31"]
[SourceQuality "1"]

1. e4 e5 2. Nf3 Nc6 3. Nc3 Nf6 4. d4 exd4 5. Nxd4 Bb4 6. Nxc6 bxc6 7. Bd3 0-0 8. 0-0 d5 9. Bg5 Bxc3 10. bxc3 dxe4 11. Bxf6 Qxf6 12. Bxe4 Qxc3 13. Qd3 Qxd3 14. cxd3 Ba6 15. Rad1 Rad8 16. Rfe1 c5 17. Re3 Rfe8 18. Bc6 Rxe3 19. fxe3 Rxd3 20. Re1 Ra3 21. Bd5 g6 22. e4 c6 23. Bb3 c4 24. Bd1 Rxa2 25. e5 Ra1 26. Rf1 c3 27. Re1 c2 28. Be2 Rxe1+ 29. Kf2 Rxe2+ 30. Kf3 c1Q 0-1